00249nam a2200109Ia 4500008004100000100001500041245002600056260002200082650001100104942000700115999001700122190216s9999||||xx |||||||||||||| ||und|| aSinnat Dan 0aJanithaka Thathwangal bKerala Basha Inst aBotany cBK c37979d37979